[Event "19th Hogeschool Zeeland Tournament"]
[Site "Vlissingen"]
[Date "2015.08.07"]
[Round "8"]
[Board "17"]
[White "Timmermans, Mark"]
[Black "Voege, Tobias"]
[Result "1/2-1/2"]
[WhiteElo "2352"]
[BlackElo "2191"]
[PlyCount "107"]
[EventDate "2015.08.01"]
[EventRounds "9"]
[EventCountry "NED"]

1. e4 e6 2. d4 d5 3. Nd2 Nf6 4. e5 Nfd7 5. f4 c5 6. c3 Nc6 7. Ndf3 cxd4 8. cxd4
Qb6 9. g3 Bb4+ 10. Kf2 g5 11. fxg5 Ndxe5 12. Kg2 Nxf3 13. Nxf3 Bd7 14. Rb1 Bf8
15. b4 Bg7 16. b5 Nxd4 17. Be3 e5 18. Bd3 Bg4 19. Bxd4 Bxf3+ 20. Qxf3 Qxd4 21.
Rhf1 O-O 22. Bf5 Qd2+ 23. Rf2 Qxg5 24. Qxd5 Qe7 25. Bc2 Bh6 26. Re1 Rad8 27.
Qxe5 Qxe5 28. Rxe5 Rfe8 29. Ref5 Be3 30. Bb3 Bxf2 31. Bxf7+ Kg7 32. Bxe8 Bb6
33. Bh5 Rd2+ 34. Kh3 Rxa2 35. Rf7+ Kh6 36. Bf3 Rb2 37. Be4 Kg5 38. Rf5+ Kh6 39.
Kg4 Kg7 40. h4 Rb4 41. Kf3 Rb3+ 42. Kg2 a6 43. Rg5+ Kf6 44. bxa6 bxa6 45. Bxh7
Bc7 46. Rg6+ Kf7 47. g4 Rb6 48. Rxb6 Bxb6 49. g5 Be3 50. Kf3 Bc1 51. Bd3 a5 52.
Kg4 Kg7 53. h5 Bxg5 54. Kxg5 1/2-1/2

[Event "19th Hogeschool Zeeland Tournament"]
[Site "Vlissingen"]
[Date "2015.08.07"]
[Round "8"]
[Board "19"]
[White "Stark, Lars"]
[Black "Riksen, John"]
[Result "1-0"]
[WhiteElo "2437"]
[BlackElo "1983"]
[PlyCount "55"]
[EventDate "2015.08.01"]
[EventRounds "9"]
[EventCountry "NED"]

1. c4 c5 2. g3 Nc6 3. Bg2 g6 4. Nc3 Bg7 5. a3 Nf6 6. Nh3 O-O 7. Nf4 d6 8. O-O
Rb8 9. Rb1 Bf5 10. d3 Bd7 11. b4 b6 12. b5 Na5 13. Bd2 Bc8 14. a4 Bb7 15. e4
Nd7 16. Qc2 Re8 17. Rfe1 Nf8 18. Ncd5 e6 19. Nc3 Bc8 20. Nfe2 e5 21. Nd5 Ne6
22. f4 exf4 23. Ndxf4 Nd4 24. Nxd4 Bxd4+ 25. Kh1 Be6 26. Bc3 Bxc3 27. Qxc3 Qg5
28. e5 1-0

[Event "19th Hogeschool Zeeland Tournament"]
[Site "Vlissingen"]
[Date "2015.08.07"]
[Round "8"]
[Board "20"]
[White "Rosmuller, Anton"]
[Black "Yankelevich, Lev"]
[Result "1/2-1/2"]
[WhiteElo "2142"]
[BlackElo "2420"]
[PlyCount "83"]
[EventDate "2015.08.01"]
[EventRounds "9"]
[EventCountry "NED"]

1. d4 Nf6 2. c4 e6 3. Nf3 d5 4. cxd5 exd5 5. Nc3 c6 6. g3 Bd6 7. Qc2 O-O 8. Bg2
Re8 9. O-O b5 10. a3 a5 11. Bg5 Ba6 12. Rfe1 b4 13. Na4 bxa3 14. bxa3 h6 15.
Bxf6 Qxf6 16. e4 dxe4 17. Rxe4 Rxe4 18. Qxe4 Ra7 19. Ne5 Re7 20. f4 Qe6 21. Qc2
f6 22. f5 Qc8 23. Nxc6 Nxc6 24. Qxc6 Rc7 25. Qa8 Qxa8 26. Bxa8 Kf8 27. Bd5 Bd3
28. Be6 Rc2 29. Rd1 Be2 30. Rb1 Bxa3 31. Rb8+ Ke7 32. Nb6 Bd3 33. Nd5+ Kd6 34.
Rb6+ Rc6 35. Rb7 Rc1+ 36. Kf2 Be4 37. Rd7+ Kc6 38. Rc7+ Kd6 39. Rd7+ Kc6 40.
Rc7+ Kd6 41. Rd7+ Kc6 42. Rc7+ 1/2-1/2

[Event "19th Hogeschool Zeeland Tournament"]
[Site "Vlissingen"]
[Date "2015.08.07"]
[Round "8"]
[Board "21"]
[White "Beerdsen, Thomas"]
[Black "Lentjes, Noud"]
[Result "0-1"]
[WhiteElo "2319"]
[BlackElo "2116"]
[PlyCount "82"]
[EventDate "2015.08.01"]
[EventRounds "9"]
[EventCountry "NED"]

1. d4 d5 2. c4 c6 3. Nf3 Nf6 4. e3 Bg4 5. h3 Bh5 6. Nc3 e6 7. g4 Bg6 8. Ne5
Nbd7 9. Nxg6 hxg6 10. Bg2 Bd6 11. O-O Qe7 12. Bd2 O-O-O 13. b4 Bxb4 14. Qa4 Nb6
15. Qxa7 Nxc4 16. Be1 Bxc3 17. Bxc3 Qa3 18. Qxa3 Nxa3 19. Ba5 Rde8 20. Rfc1 Nc4
21. Bb4 Kc7 22. Bf1 Ra8 23. a4 b5 24. Kg2 Rhb8 25. axb5 cxb5 26. Kf3 Ne4 27.
Bd3 f5 28. gxf5 gxf5 29. Rg1 g5 30. Bxe4 dxe4+ 31. Ke2 Ra4 32. Rab1 Ra2+ 33.
Ke1 Rh8 34. Rxg5 Rxh3 35. Rg1 Rh2 36. d5 Rhxf2 37. Rc1 exd5 38. Rg7+ Kd8 39.
Rg8+ Kd7 40. Rg7+ Ke6 41. Rd1 Rae2# 0-1

[Event "19th Hogeschool Zeeland Tournament"]
[Site "Vlissingen"]
[Date "2015.08.07"]
[Round "8"]
[Board "22"]
[White "Bezemer, Arno"]
[Black "Haak, Eelco"]
[Result "1/2-1/2"]
[WhiteElo "2305"]
[BlackElo "2081"]
[PlyCount "110"]
[EventDate "2015.08.01"]
[EventRounds "9"]
[EventCountry "NED"]

1. e4 e6 2. d4 d5 3. Nd2 Nf6 4. e5 Nfd7 5. Bd3 c5 6. c3 Nc6 7. Ngf3 g6 8. h4
Be7 9. Qe2 b6 10. a3 a5 11. Nf1 h5 12. Bg5 c4 13. Bc2 b5 14. Bxe7 Qxe7 15. Ng5
Ba6 16. Rh3 O-O-O 17. Rf3 Rdf8 18. Rf4 Kc7 19. Ne3 Nd8 20. Qf3 Bb7 21. Rc1 a4
22. Rd1 Bc6 23. Rd2 Bb7 24. Kd1 Bc6 25. Kc1 Bb7 26. Rd1 Bc6 27. Rh1 Nb6 28. g4
Be8 29. gxh5 gxh5 30. Rg1 Rfg8 31. Rg3 Rg7 32. Rf6 Nd7 33. Rf4 Nb6 34. Bd1 Kc6
35. Rf6 Kc7 36. Qg2 Kc8 37. Nh3 Rxg3 38. Qxg3 Nd7 39. Rf4 Qf8 40. Qg5 Qh6 41.
Qg3 Nc6 42. Ng5 Nd8 43. Qf3 Qg7 44. Nxd5 exd5 45. Qxd5 Nb8 46. Qc5+ Bc6 47. Rf6
Rh6 48. d5 Nd7 49. Qd6 Rxf6 50. exf6 Qxf6 51. Qxf6 Nxf6 52. dxc6 Nxc6 53. Nxf7
Kd7 54. Bf3 Ne7 55. Kd2 Nf5 1/2-1/2

[Event "19th Hogeschool Zeeland Tournament"]
[Site "Vlissingen"]
[Date "2015.08.07"]
[Round "8"]
[Board "23"]
[White "Brink, Barry"]
[Black "Tikranian, Alik"]
[Result "1-0"]
[WhiteElo "2302"]
[BlackElo "2075"]
[PlyCount "115"]
[EventDate "2015.08.01"]
[EventRounds "9"]
[EventCountry "NED"]

1. d4 d5 2. c4 c6 3. Nc3 Nf6 4. e3 e6 5. Bd3 Bd6 6. Nf3 Nbd7 7. O-O O-O 8. e4
dxc4 9. Bxc4 e5 10. Bg5 Qe7 11. d5 Nb6 12. Bb3 Bg4 13. h3 Bh5 14. g4 Bg6 15.
dxc6 bxc6 16. Nd2 Rfd8 17. Qf3 Nbd7 18. Nc4 Bc7 19. Rad1 Nc5 20. Bxf6 gxf6 21.
Qe3 Kg7 22. Rxd8 Rxd8 23. Rd1 Rh8 24. Rd2 h5 25. Bd1 Ne6 26. Qg3 Nf4 27. gxh5
Nxh5 28. Qg4 Rd8 29. Rxd8 Qxd8 30. Be2 Nf4 31. Bf1 Bb6 32. Nxb6 Qxb6 33. b3 Qd4
34. Qg3 Kf8 35. Qe3 Ke7 36. h4 Kd7 37. Kh2 Ke7 38. Kg3 Qxe3+ 39. fxe3 Nh5+ 40.
Kg4 Ng7 41. Bd3 Ke6 42. b4 Bh5+ 43. Kg3 f5 44. exf5+ Nxf5+ 45. Bxf5+ Kxf5 46.
a4 a6 47. a5 f6 48. e4+ Kg6 49. Na4 Be2 50. Nc5 Bc4 51. Nd7 Bb5 52. Kf3 Kh5 53.
Nxf6+ Kxh4 54. Nd7 c5 55. Nxc5 Kg5 56. Ne6+ Kf6 57. Nc7 Bc4 58. b5 1-0

[Event "19th Hogeschool Zeeland Tournament"]
[Site "Vlissingen"]
[Date "2015.08.07"]
[Round "8"]
[Board "24"]
[White "Ducarmon, Renzo"]
[Black "Maris, Ivo"]
[Result "1/2-1/2"]
[WhiteElo "2092"]
[BlackElo "2288"]
[PlyCount "114"]
[EventDate "2015.08.01"]
[EventRounds "9"]
[EventCountry "NED"]

1. e4 d6 2. d4 Nf6 3. Nc3 e5 4. Nf3 Nbd7 5. Bc4 Be7 6. a4 O-O 7. O-O a5 8. Qe2
c6 9. Rd1 Qc7 10. Bb3 exd4 11. Nxd4 Nc5 12. Ba2 Re8 13. Bf4 Bf8 14. f3 Nh5 15.
Be3 d5 16. Rf1 Bd6 17. g3 Bh3 18. Rf2 Bxg3 19. hxg3 Qxg3+ 20. Rg2 Qxg2+ 21.
Qxg2 Bxg2 22. Kxg2 dxe4 23. Rf1 Nf6 24. Bg5 e3 25. Nf5 Rad8 26. Nxe3 h6 27.
Bxf6 Rd6 28. Ng4 h5 29. Bg5 Rg6 30. Bh4 Ne6 31. Ne4 Nf4+ 32. Kf2 hxg4 33. Rd1
Nd5 34. Bxd5 cxd5 35. Rxd5 gxf3 36. Kxf3 Rge6 37. Nc3 b6 38. Bf2 Rf6+ 39. Kg2
Rc6 40. Rb5 Ree6 41. Kf1 f6 42. Nd5 Rxc2 43. Bxb6 Re4 44. Rxa5 Rh4 45. Kg1 Rxb2
46. Rb5 Ra2 47. a5 Re4 48. Rb1 f5 49. Nc7 Rg4+ 50. Kh1 f4 51. Rb3 Rc2 52. a6
Rc6 53. Kh2 f3 54. Rxf3 Rh6+ 55. Rh3 Rxb6 56. a7 Rb2+ 57. Kh1 Rb1+ 1/2-1/2

[Event "19th Hogeschool Zeeland Tournament"]
[Site "Vlissingen"]
[Date "2015.08.07"]
[Round "8"]
[Board "25"]
[White "Donovan, Linton"]
[Black "Hoogland, Mike"]
[Result "0-1"]
[WhiteElo "2276"]
[BlackElo "2035"]
[PlyCount "76"]
[EventDate "2015.08.01"]
[EventRounds "9"]
[EventCountry "NED"]

1. e4 c5 2. Nf3 d6 3. d4 cxd4 4. Nxd4 Nf6 5. Nc3 a6 6. Be3 e5 7. Nb3 Be6 8. f3
Be7 9. Qd2 O-O 10. O-O-O Nbd7 11. g4 b5 12. Rg1 Nb6 13. Na5 Rc8 14. g5 Nh5 15.
Nd5 Bxd5 16. exd5 Nxd5 17. Qxd5 Qxa5 18. g6 hxg6 19. Rxg6 Nf6 20. Qb3 d5 21.
Rg2 Rfd8 22. Bd3 e4 23. fxe4 dxe4 24. Rdg1 Bf8 25. Be2 Rc6 26. h4 Qc7 27. h5
Kh7 28. Bg5 Rd4 29. Bd1 Rd3 30. c3 b4 31. Bc2 bxc3 32. Bxd3 exd3 33. Be3 Qe5
34. Bg5 d2+ 35. Kd1 c2+ 36. Kxd2 c1=Q+ 37. Rxc1 Rd6+ 38. Kc2 Qe4+ 0-1

[Event "19th Hogeschool Zeeland Tournament"]
[Site "Vlissingen"]
[Date "2015.08.07"]
[Round "8"]
[Board "26"]
[White "Ackermann, Frank"]
[Black "Wunnink, Michael"]
[Result "0-1"]
[WhiteElo "2035"]
[BlackElo "2253"]
[PlyCount "70"]
[EventDate "2015.08.01"]
[EventRounds "9"]
[EventCountry "NED"]

1. e4 e5 2. Nf3 Nc6 3. Bc4 Nf6 4. d3 Be7 5. O-O O-O 6. Re1 d6 7. c3 Na5 8. Bb5
a6 9. Ba4 b5 10. Bc2 c5 11. Nbd2 Nc6 12. Nf1 Re8 13. Ng3 h6 14. a4 Bb7 15. Nf5
Bf8 16. h3 d5 17. Qe2 b4 18. Nh2 Re6 19. Bb3 Na5 20. Bc2 c4 21. Ng4 cxd3 22.
Nxf6+ Rxf6 23. Bxd3 Nb3 24. Ra2 Nc5 25. Bb1 dxe4 26. Ne3 Nd3 27. Rd1 Nf4 28.
Qc4 Qc8 29. Qxc8 Rxc8 30. Bd2 b3 31. Ra1 Rd8 32. a5 Rfd6 33. Nf1 Bc6 34. h4 Bb5
35. g3 Ne6 0-1

[Event "19th Hogeschool Zeeland Tournament"]
[Site "Vlissingen"]
[Date "2015.08.07"]
[Round "8"]
[Board "27"]
[White "Provoost, Simon"]
[Black "Goldie, Thomas"]
[Result "1/2-1/2"]
[WhiteElo "2240"]
[BlackElo "2067"]
[PlyCount "45"]
[EventDate "2015.08.01"]
[EventRounds "9"]
[EventCountry "NED"]

1. e4 c5 2. Nc3 d6 3. f4 Nf6 4. Nf3 g6 5. Bc4 Bg7 6. d3 Nc6 7. O-O e6 8. Qe1
O-O 9. f5 d5 10. Bb3 dxe4 11. dxe4 exf5 12. e5 Ng4 13. Bg5 Qa5 14. Rd1 c4 15.
Ba4 Be6 16. Bxc6 bxc6 17. Bf4 Qc5+ 18. Kh1 Rae8 19. h3 Bh6 20. Bxh6 Nxh6 21.
Qh4 Kg7 22. Qf6+ Kg8 23. Qh4 1/2-1/2

[Event "19th Hogeschool Zeeland Tournament"]
[Site "Vlissingen"]
[Date "2015.08.07"]
[Round "8"]
[Board "28"]
[White "Van Houtte, Randy"]
[Black "Warmerdam, Max"]
[Result "0-1"]
[WhiteElo "1977"]
[BlackElo "2236"]
[PlyCount "84"]
[EventDate "2015.08.01"]
[EventRounds "9"]
[EventCountry "NED"]

1. c4 Nf6 2. Nf3 g6 3. g3 Bg7 4. Bg2 O-O 5. O-O d6 6. Nc3 Nc6 7. d3 e5 8. Rb1
a5 9. a3 h6 10. e4 Be6 11. Nd5 Nd7 12. Be3 Ne7 13. Ne1 c6 14. Nxe7+ Qxe7 15.
Qd2 Kh7 16. b4 axb4 17. axb4 Nf6 18. f3 Rfd8 19. Qf2 Ra3 20. Qe2 Rda8 21. Nc2
Ra2 22. Ra1 d5 23. Rfc1 dxc4 24. dxc4 Rxa1 25. Rxa1 Rxa1+ 26. Nxa1 Qxb4 27. Bf1
Bf8 28. Nc2 Qa4 29. Bf2 b5 30. Ne3 b4 31. Qb2 Nd7 32. Be2 Qa3 33. Nd1 Qa6 34.
Qc2 Qa3 35. Nb2 b3 36. Qc1 Qa2 37. Be1 Ba3 38. Bc3 Nb6 39. Qd2 Bxb2 40. Qxb2
Qxb2 41. Bxb2 Bxc4 42. Bd1 f6 0-1

[Event "19th Hogeschool Zeeland Tournament"]
[Site "Vlissingen"]
[Date "2015.08.07"]
[Round "8"]
[Board "29"]
[White "Yogesh, Gautam"]
[Black "Polster, Christian"]
[Result "1/2-1/2"]
[WhiteElo "2207"]
[BlackElo "1989"]
[PlyCount "138"]
[EventDate "2015.08.01"]
[EventRounds "9"]
[EventCountry "NED"]

1. e4 c5 2. Nf3 d6 3. d4 cxd4 4. Nxd4 Nf6 5. Nc3 a6 6. Bg5 e6 7. f4 Be7 8. Qf3
h6 9. Bh4 g5 10. fxg5 Nfd7 11. O-O-O Ne5 12. Qf2 hxg5 13. Bg3 Nbd7 14. Be2 Qc7
15. Rhf1 b5 16. Nf3 f6 17. Nxe5 Nxe5 18. h4 gxh4 19. Bxh4 Rf8 20. Bg3 Bd7 21.
Bxe5 dxe5 22. Rxd7 Kxd7 23. Bg4 Qc6 24. Nd5 f5 25. Nb6+ Kc7 26. Nxa8+ Qxa8 27.
exf5 exf5 28. Bxf5 Qd5 29. Qa7+ Qb7 30. Qe3 Qxg2 31. Qxe5+ Bd6 32. Qc3+ Kb8 33.
Qd3 Qg3 34. a4 Qxd3 35. Bxd3 Rxf1+ 36. Bxf1 Bf4+ 37. Kb1 Kb7 38. axb5 axb5 39.
Bxb5 Kb6 40. Bd3 Bg5 41. c3 Bf6 42. Kc2 Be5 43. Bc4 Bf6 44. Kd3 Be7 45. Kd4
Bf6+ 46. Kd5 Bg7 47. Bd3 Bf6 48. Kd6 Bg7 49. Ke6 Kc7 50. Kd5 Kb6 51. Be4 Bf6
52. Bf3 Bg7 53. Kd6 Bf8+ 54. Kd5 Bg7 55. Be4 Bf6 56. Kd6 Bg7 57. Ke6 Kc7 58.
Bf3 Kb6 59. Kd5 Bf6 60. Kc4 Bg7 61. b3 Bf6 62. Kd3 Bg7 63. b4 Bf6 64. c4 Be7
65. Kc3 Bf6+ 66. Kb3 Be7 67. Ka4 Bf8 68. c5+ Bxc5 69. bxc5+ Kxc5 1/2-1/2

[Event "19th Hogeschool Zeeland Tournament"]
[Site "Vlissingen"]
[Date "2015.08.07"]
[Round "8"]
[Board "30"]
[White "De Boer, Eelke"]
[Black "Timmermans, Ivo"]
[Result "0-1"]
[WhiteElo "1976"]
[BlackElo "2183"]
[PlyCount "82"]
[EventDate "2015.08.01"]
[EventRounds "9"]
[EventCountry "NED"]

1. e4 e5 2. Nf3 Nc6 3. d4 exd4 4. Bc4 Nf6 5. O-O Nxe4 6. Re1 d5 7. Bxd5 Qxd5 8.
Nc3 Qh5 9. Nxe4 Be6 10. Bg5 h6 11. Bf6 Qg6 12. Nh4 Qg4 13. Qxg4 Bxg4 14. Nf3
Bxf3 15. gxf3 Kd7 16. Bxd4 Nxd4 17. Rad1 c5 18. c3 f5 19. Ng3 g6 20. cxd4 c4
21. b3 cxb3 22. axb3 Bd6 23. Nf1 Rac8 24. Rc1 Rxc1 25. Rxc1 Rc8 26. Rxc8 Kxc8
27. Ne3 Kd7 28. h3 Kc6 29. Kf1 Bf4 30. Nc2 Kd5 31. Ke2 h5 32. Kd3 g5 33. Ne1 h4
34. Ng2 a5 35. Kc3 b5 36. Ne1 g4 37. fxg4 fxg4 38. Nd3 Ke4 39. d5 gxh3 40. f3+
Kxf3 41. Nxf4 Kxf4 0-1

[Event "19th Hogeschool Zeeland Tournament"]
[Site "Vlissingen"]
[Date "2015.08.07"]
[Round "8"]
[Board "31"]
[White "Westerweele, Henrik"]
[Black "Ratsma, Midas"]
[Result "1/2-1/2"]
[WhiteElo "1904"]
[BlackElo "2150"]
[PlyCount "57"]
[EventDate "2015.08.01"]
[EventRounds "9"]
[EventCountry "NED"]

1. e4 e6 2. d4 d5 3. e5 c5 4. c3 Nc6 5. Nf3 Qb6 6. Be2 cxd4 7. cxd4 Nge7 8. Nc3
Nf5 9. Na4 Qa5+ 10. Bd2 Bb4 11. Bc3 Bd7 12. a3 Bxc3+ 13. Nxc3 O-O 14. O-O Rac8
15. b4 Qd8 16. Rc1 f6 17. b5 Na5 18. exf6 Qxf6 19. Ne5 Be8 20. Nxd5 Qd8 21.
Rxc8 Qxc8 22. Ne3 Nd6 23. Qd2 b6 24. a4 Qd8 25. Bf3 Nf7 26. Nxf7 Bxf7 27. Rd1
Qd6 28. Qc3 Rd8 29. d5 1/2-1/2

[Event "19th Hogeschool Zeeland Tournament"]
[Site "Vlissingen"]
[Date "2015.08.07"]
[Round "8"]
[Board "32"]
[White "Neubronner, Jarred"]
[Black "Oosterom, Erik"]
[Result "1/2-1/2"]
[WhiteElo "2280"]
[BlackElo "2082"]
[PlyCount "114"]
[EventDate "2015.08.01"]
[EventRounds "9"]
[EventCountry "NED"]

1. e4 c6 2. d4 d5 3. exd5 cxd5 4. c4 Nf6 5. Nc3 e6 6. Nf3 Be7 7. Bd3 dxc4 8.
Bxc4 O-O 9. O-O Nc6 10. a3 b6 11. Qd3 Bb7 12. Rd1 Rc8 13. Ba2 a6 14. Ng5 h6 15.
Nh3 Na5 16. Qg3 Bd6 17. f4 Ne4 18. Nxe4 Bxe4 19. Nf2 Bc2 20. Re1 Nc4 21. Ng4
Bg6 22. Kh1 Be7 23. Rd1 Nd6 24. d5 Ne4 25. Qf3 Bc5 26. Be3 Bxe3 27. Qxe3 exd5
28. Rxd5 Qh4 29. Ne5 Bf5 30. Nxf7 Be6 31. Ne5 Qxf4 32. Qxf4 Rxf4 33. Ng6 Rf7
34. Ne5 Rfc7 35. h3 Rc1+ 36. Rxc1 Rxc1+ 37. Kh2 Kh7 38. Rd4 Bxa2 39. Rxe4 Rc2
40. b4 Bd5 41. Rg4 Ra2 42. Rg3 a5 43. Nd7 axb4 44. axb4 b5 45. Nf8+ Kg8 46. Ng6
Kf7 47. Nf4 Bc4 48. Rf3 g5 49. Nd5+ Kg7 50. Ne3 Rb2 51. Nxc4 bxc4 52. Ra3 Rxb4
53. Ra6 h5 54. h4 gxh4 55. Kh3 Rb2 56. Rc6 Rc2 57. Kxh4 Rxg2 1/2-1/2

[Event "19th Hogeschool Zeeland Tournament"]
[Site "Vlissingen"]
[Date "2015.08.07"]
[Round "8"]
[Board "33"]
[White "Vrolijk, Olivier"]
[Black "Van Den Berg, Ad"]
[Result "0-1"]
[WhiteElo "2087"]
[BlackElo "2225"]
[PlyCount "78"]
[EventDate "2015.08.01"]
[EventRounds "9"]
[EventCountry "NED"]

1. d4 d6 2. Bg5 h6 3. Bh4 c5 4. dxc5 Qa5+ 5. c3 Qxc5 6. Nd2 g5 7. Bg3 f5 8. e3
Nf6 9. h4 g4 10. Bd3 Qd5 11. Bf1 Nc6 12. Ne2 e5 13. Nc1 Nh5 14. Bh2 Be7 15.
Ncb3 Qf7 16. Be2 Be6 17. Bg1 O-O 18. Qc2 a5 19. a4 d5 20. Bb5 Rfc8 21. Qd1 Rd8
22. Bh2 f4 23. exf4 exf4 24. Qe2 d4 25. Bxc6 dxc3 26. bxc3 bxc6 27. Nd4 Rd6 28.
O-O Bd5 29. Rfe1 Re8 30. Kh1 Bxg2+ 31. Kxg2 f3+ 32. N2xf3 gxf3+ 33. Qxf3 Rf6
34. Qe2 c5 35. Nf3 Ng7 36. Rad1 Bd6 37. Qd3 Rxe1 38. Rxe1 Bxh2 39. Kxh2 Rxf3
 0-1

[Event "19th Hogeschool Zeeland Tournament"]
[Site "Vlissingen"]
[Date "2015.08.07"]
[Round "8"]
[Board "34"]
[White "Gijsen, Stief"]
[Black "Smeets, Pierre"]
[Result "1-0"]
[WhiteElo "2203"]
[BlackElo "2082"]
[PlyCount "43"]
[EventDate "2015.08.01"]
[EventRounds "9"]
[EventCountry "NED"]

1. d4 d5 2. c4 c6 3. Nf3 Nf6 4. Nc3 dxc4 5. a4 Bf5 6. Ne5 Nbd7 7. Nxc4 Nb6 8.
Ne5 a5 9. g3 e6 10. Bg2 Bb4 11. O-O h6 12. e3 O-O 13. Qe2 Bh7 14. Rd1 Nfd5 15.
Bd2 Be7 16. e4 Nb4 17. Be3 Kh8 18. d5 Qc7 19. d6 Bxd6 20. Bxb6 Qxb6 21. Nc4 Qc5
22. Nxd6 1-0

[Event "19th Hogeschool Zeeland Tournament"]
[Site "Vlissingen"]
[Date "2015.08.07"]
[Round "8"]
[Board "35"]
[White "Brouwer, Rein"]
[Black "Verduyn, Frederic"]
[Result "1-0"]
[WhiteElo "2070"]
[BlackElo "2199"]
[PlyCount "83"]
[EventDate "2015.08.01"]
[EventRounds "9"]
[EventCountry "NED"]

1. d4 d6 2. Nf3 Bg4 3. g3 Bxf3 4. exf3 g6 5. Bg2 Bg7 6. O-O c6 7. c3 Nf6 8. Bg5
O-O 9. Nd2 h6 10. Be3 Nd5 11. Qb3 Qb6 12. f4 Qxb3 13. axb3 Nd7 14. Nc4 Nxe3 15.
fxe3 d5 16. Na5 Rab8 17. b4 e6 18. e4 Nf6 19. Rfe1 dxe4 20. Bxe4 Nxe4 21. Rxe4
Rfd8 22. Kf2 Rd7 23. Ra2 Rc7 24. Nc4 b6 25. Ne5 c5 26. bxc5 bxc5 27. dxc5 Bxe5
28. Rxe5 Rb3 29. Ke1 a5 30. c6 Rxc6 31. Kd1 Rcb6 32. Kc1 R3b5 33. Rxb5 Rxb5 34.
Kc2 g5 35. Ra4 g4 36. Rd4 h5 37. c4 Rc5 38. Kc3 h4 39. b4 axb4+ 40. Kxb4 Rh5
41. c5 hxg3 42. hxg3 1-0

[Event "19th Hogeschool Zeeland Tournament"]
[Site "Vlissingen"]
[Date "2015.08.07"]
[Round "8"]
[Board "36"]
[White "Hoffman, Ron"]
[Black "Dehn, Marcus"]
[Result "1-0"]
[WhiteElo "2074"]
[BlackElo "2165"]
[PlyCount "99"]
[EventDate "2015.08.01"]
[EventRounds "9"]
[EventCountry "NED"]

1. d4 Nc6 2. Nf3 d6 3. e4 Bg4 4. Be3 a6 5. Be2 e6 6. d5 Bxf3 7. Bxf3 exd5 8.
exd5 Ne5 9. Be2 Be7 10. O-O Nf6 11. c4 Qd7 12. h3 Ne4 13. Qc2 Qf5 14. f4 Ng3
15. Qxf5 Nxf5 16. Bf2 Ng6 17. Bd3 Nh6 18. Bd4 Bf6 19. Bxf6 gxf6 20. Nd2 f5 21.
Nb3 Ke7 22. g3 Kf6 23. Kf2 Ng8 24. Nd4 N8e7 25. Kf3 c5 26. dxc6 bxc6 27. g4
fxg4+ 28. hxg4 h5 29. g5+ Kg7 30. Rae1 Rae8 31. Rh1 c5 32. Ne2 d5 33. cxd5 Nxd5
34. Be4 Nde7 35. Rc1 Rc8 36. Ng3 h4 37. Nf5+ Nxf5 38. Bxf5 Rb8 39. b3 Rb5 40.
Kg4 Ne7 41. Bd3 Ra5 42. Rce1 Nc6 43. a4 Nd4 44. Bc4 f5+ 45. gxf6+ Kxf6 46. Re3
Rh7 47. Re5 Rh6 48. Rh3 Rh7 49. Rg5 Nc2 50. Bd3 1-0

[Event "19th Hogeschool Zeeland Tournament"]
[Site "Vlissingen"]
[Date "2015.08.07"]
[Round "8"]
[Board "37"]
[White "Boucquet, Emile"]
[Black "Tissink, Arjan"]
[Result "1-0"]
[WhiteElo "2161"]
[BlackElo "2010"]
[PlyCount "35"]
[EventDate "2015.08.01"]
[EventRounds "9"]
[EventCountry "NED"]

1. d4 g6 2. c4 Bg7 3. e4 c6 4. Nc3 d6 5. Be3 Nd7 6. Nge2 Ngf6 7. f3 O-O 8. g4
e5 9. d5 c5 10. Qd2 a6 11. Ng3 b5 12. cxb5 axb5 13. Nxb5 Qb6 14. h4 Ba6 15. a4
Ne8 16. Be2 Nc7 17. a5 Qb8 18. Nxd6 1-0

[Event "19th Hogeschool Zeeland Tournament"]
[Site "Vlissingen"]
[Date "2015.08.07"]
[Round "8"]
[Board "38"]
[White "Buckels, Valentin"]
[Black "Galle, Andre"]
[Result "1-0"]
[WhiteElo "2152"]
[BlackElo "2002"]
[PlyCount "77"]
[EventDate "2015.08.01"]
[EventRounds "9"]
[EventCountry "NED"]

1. Nf3 f5 2. d3 d6 3. e4 e5 4. exf5 Bxf5 5. g3 Nc6 6. Bg2 Nf6 7. O-O Qd7 8. Re1
Be7 9. Nc3 Bg4 10. Ne4 O-O 11. c3 Nxe4 12. dxe4 Kh8 13. Qd3 Rf7 14. Nd2 Raf8
15. f3 Be6 16. b4 b6 17. Nc4 Bh3 18. Bh1 Qe6 19. Be3 Qg6 20. Rad1 h5 21. Nd2
Nd8 22. Re2 Ne6 23. Bg2 Bxg2 24. Rxg2 Ng5 25. f4 Nh3+ 26. Kh1 Qg4 27. Rf1 g6
28. Rf3 h4 29. gxh4 Qe6 30. h5 Nxf4 31. Bxf4 Rxf4 32. hxg6 Kg7 33. Qe2 Qxa2 34.
Rxf4 Rxf4 35. Qh5 Rh4 36. Qf5 Rf4 37. Qd7 Kf6 38. g7 Qa1+ 39. Rg1 1-0

[Event "19th Hogeschool Zeeland Tournament"]
[Site "Vlissingen"]
[Date "2015.08.07"]
[Round "8"]
[Board "39"]
[White "Gutkind, Kedem"]
[Black "Lacrosse, Marc"]
[Result "1/2-1/2"]
[WhiteElo "2065"]
[BlackElo "2139"]
[PlyCount "49"]
[EventDate "2015.08.01"]
[EventRounds "9"]
[EventCountry "NED"]

1. e4 e5 2. Nf3 Nc6 3. Bb5 a6 4. Ba4 Nf6 5. O-O Nxe4 6. d4 b5 7. Bb3 d5 8. dxe5
Be6 9. Nbd2 Nc5 10. c3 Nxb3 11. Nxb3 Be7 12. Re1 O-O 13. Nfd4 Nxd4 14. cxd4 a5
15. Qc2 Qd7 16. Nc5 Bxc5 17. Qxc5 Rfe8 18. Bd2 Ra6 19. Rac1 c6 20. Re3 Qe7 21.
Qc2 Qd7 22. Rg3 Bf5 23. Qd1 Re6 24. Rc5 Rg6 25. Rxg6 1/2-1/2

[Event "19th Hogeschool Zeeland Tournament"]
[Site "Vlissingen"]
[Date "2015.08.07"]
[Round "8"]
[Board "40"]
[White "Sekandar, Kambiz"]
[Black "Bloem, Mark"]
[Result "1-0"]
[WhiteElo "2130"]
[BlackElo "1959"]
[PlyCount "91"]
[EventDate "2015.08.01"]
[EventRounds "9"]
[EventCountry "NED"]

1. e4 c5 2. c3 Nf6 3. e5 Nd5 4. Nf3 Nc6 5. Bc4 e6 6. d4 cxd4 7. cxd4 d6 8. O-O
Be7 9. Bd2 Nb6 10. Bb3 O-O 11. a4 d5 12. Na3 Bd7 13. a5 Nc4 14. Nxc4 dxc4 15.
Bxc4 Qc7 16. Rc1 Rfd8 17. Qe2 Be8 18. Qe4 Qd7 19. Bc3 g6 20. Rfd1 Nb4 21. Bd2
Nd5 22. Bg5 Rdc8 23. Qh4 Bf8 24. Nd2 b5 25. axb6 axb6 26. Ne4 Rxc4 27. Rxc4 Qb5
28. Rcc1 Qxb2 29. Bh6 Bg7 30. Bxg7 Kxg7 31. Nf6 h6 32. Nxd5 exd5 33. Qf6+ Kg8
34. e6 Qe2 35. exf7+ Bxf7 36. Qxb6 Re8 37. Qf6 Qe6 38. Qxe6 Rxe6 39. f3 Be8 40.
Re1 Kf7 41. Rxe6 Kxe6 42. h4 Bb5 43. Rb1 Bd3 44. Rb6+ Kf7 45. Rd6 Bc4 46. Kf2
 1-0

[Event "19th Hogeschool Zeeland Tournament"]
[Site "Vlissingen"]
[Date "2015.08.07"]
[Round "8"]
[Board "41"]
[White "De Vleeschauwer, Maarten"]
[Black "Zepeda, Lorena"]
[Result "1-0"]
[WhiteElo "2002"]
[BlackElo "2121"]
[PlyCount "67"]
[EventDate "2015.08.01"]
[EventRounds "9"]
[EventCountry "NED"]

1. e4 c5 2. d4 cxd4 3. c3 dxc3 4. Nxc3 e6 5. Nf3 a6 6. Bc4 Ne7 7. Bg5 b5 8. Bb3
f6 9. Be3 Ng6 10. O-O Be7 11. Nd5 exd5 12. Qxd5 Qc7 13. Qxa8 Nc6 14. Rfd1 Bd8
15. Bb6 Qxb6 16. Qxc8 Qa7 17. Be6 Nb8 18. Bd5 Nf4 19. Bb3 Qc7 20. Qxc7 Bxc7 21.
g3 Ng6 22. Rac1 Bb6 23. Nh4 Ne7 24. Nf5 g6 25. Nd6+ Kf8 26. Nf7 Rg8 27. Rd6 Ba5
28. Nh6 Rg7 29. Rxf6+ Ke8 30. Rd6 Nbc6 31. Ng4 Nc8 32. Nf6+ Kd8 33. Rcxc6 Nxd6
34. Rxd6 1-0

[Event "19th Hogeschool Zeeland Tournament"]
[Site "Vlissingen"]
[Date "2015.08.07"]
[Round "8"]
[Board "42"]
[White "Blankert, Willem"]
[Black "Hekhuis, Jeroen"]
[Result "1/2-1/2"]
[WhiteElo "1997"]
[BlackElo "2107"]
[PlyCount "33"]
[EventDate "2015.08.01"]
[EventRounds "9"]
[EventCountry "NED"]

1. Nf3 Nf6 2. c4 g6 3. Nc3 Bg7 4. g3 b6 5. Bg2 Bb7 6. d4 O-O 7. O-O d6 8. Bf4
Nbd7 9. Qc2 Nh5 10. Be3 e6 11. Rad1 Nhf6 12. h3 Qe7 13. b3 Rac8 14. Bc1 Rfd8
15. e4 c5 16. d5 e5 17. Be3 1/2-1/2